| 000 | 00534nam a2200157Ia 4500 | ||
|---|---|---|---|
| 008 | 151213s9999 xx 000 0 und d | ||
| 100 | _aআফম আব্দুর রশিদ। | ||
| 245 |
_aডুবন্ত সূর্য্যওে বিকিরণ। _cআফম আব্দুর রশিদ। |
||
| 250 | _a১ম সং | ||
| 260 |
_aঢাকা _c2006 |
||
| 300 | _a3806 p. | ||
| 650 | _aBangla | ||
| 650 | _aউপন্যাস। | ||
| 700 | _aআফম আব্দুর রশিদ। | ||
| 999 |
_c2506 _d2506 |
||